000
00298nam a22001457a 4500
003
SGT
082
_a
616.17
_b
P19M
100
_a
BROWN, GEORGE,GRANGER
245
_a
UNIT OPRATIONS
250
_a
5TH
260
_a
NEW DELHI
_b
JAYPEE
_c
2019
300
_a
598
650
_a
PHARMACY
942
_2
ddc
_c
BK
999
_c
16084
_d
16084